000 00496cam a2200217 4500
001 B1076
008 090401t xxu||||| |||| 00| 0 eng d
035 _a(Sirsi) u42451
041 _aeng
050 _a"Box" Library
110 _aDebenham Tewson and Chinnocks
_93135
245 _aOffice rents and rates, 1973-1985
250 _a1985
260 _aDTC
_cLondon:
350 _a0
650 _aOFFICES
650 _aRATES AND RATING
650 _aRENT
942 _n0
948 _c04/03/1997
999 _c91124
_d91124